000 00349nam a22001577a 4500
003 OSt
005 20240315122309.0
008 171123b xxu||||| |||| 00| 0 eng d
020 _a978-1259028625
040 _cSEROSOFT
100 _aHENEMAN
245 _aSTAFFING ORGANIZATIONS
260 _aDELHI
_bTMH
_c2012
300 _a75
942 _2ddc
_c01
999 _c40920
_d40920